LEADER 01145nam a2200241 i 4500 001 000000192927 003 CaOOAMICUS 005 20101006000000.0 008 101006s1969 it u000 u ita u 013 $a171565 040 $aSeMil$bita 100 1 $aGiannini, Annibale.$0(OLS)http://semarc/name/49094 245 13$aIl Servo della Caritą Don Leonardo Mazzucchi :$bsecondo successore del Beato Luigi Guanella /$cAnnibale Giannini. 246 04$iTitolo in copertina:$aUna vita al servizio d'un'Opera 260 $a[S.l. :$bs.n.],$c1969$e(Como :$fLaboratorio Tipografico C.D.P.,$g1969) 300 $a350 p., [24] p. di tav. ;$c22 cm. 500 $aContiene : Appendice. 650 4$aMazzucchi, Leonardo.$0(OLS)http://semarc/subject/36297 850 $aSeMil 852 $aSeMil$W1$xVenegono$y1$m3J II 209$j143501$B143501$CSeMilBibl$Z2$F154986 $81 996 $6245$aIl Servo della Caritą Don Leonardo Mazzucchi :$bsecondo successore del Beato Luigi Guanella$9(OLS)http://semarc/title/278117 996 $6246$aUna vita al servizio d'un'Opera$9(OLS)http://semarc/title/278118 996 $6260$a[S.l. :$bs.n.]$9(OLS)http://semarc/publisher/29751 LEADER 01632nam a2200277 i 4500 001 000000100304 003 CaOOAMICUS 005 20200513084338.0 008 170727s1756 it u000 u ita u 013 $a72456 026 $areta nola i.e- semo (3) 1756 )A) 040 $aSeMil$bita 110 2 $aConfraternita di Sant'Anna dei Palafrenieri .$0(OLS)http://semarc/name/92663 245 10$aSommario delle indulgenze concesse alla Ven. Archiconfraternita di Sant'Anna de' parafrenieri, e servidori dell'Alma Cittą di Roma dalla medesima comunicate in virtł di aggregazione alla Compagnia chiamata Consorzo de servidori, e cocchieri. 264 1$aIn Lodi :$bNella Stamperia vesc., e della cittą, per gli Eredi di Nicola Trabatti,$c1756. 300 $a23, [1] p. ;$c12°. 500 $aSegn.: a12(-a12). 650 4$aCongregazioni e confraternite religiose - Roma - Sec. 16.-18.$0(OLS)http://semarc/subject/49108 700 0 $aTrabatti, Nicola eredi,$c.$0(OLS)http://semarc/name/92664 850 $aSeMil 852 $aSeMil$W1$xVenegono$y1$m3Z I 9/8 FA$j57465$B57465$CSeMilBibl$Z2$F67815 $8I 941 1 $a10 961 $aRecupero: Mantegazza 996 $6245$aSommario delle indulgenze concesse alla Ven. Archiconfraternita di Sant'Anna de' parafrenieri, e servidori dell'Alma Cittą di Roma dalla medesima comunicate in virtł di aggregazione alla Compagnia chiamata Consorzo de servidori, e cocchieri$9(OLS)http://semarc/title/406644 996 $6264$aIn Lodi :$bNella Stamperia vesc., e della cittą, per gli Eredi di Nicola Trabatti$9(OLS)http://semarc/publisher/56941